[Event "Juan Martinez Sola"]
[Site "UAL Almeria Spain"]
[Date "2015.12.19"]
[Round "5.2"]
[White "Sanchez Jerez, Emilio Miguel"]
[Black "Perera Borrego, Mariela"]
[Result "0-1"]
[BlackElo "2158"]
[WhiteElo "2252"]
[LiveChessVersion "1.4.4"]

1. e4 {[%clk 1:30:55]} d6 {[%clk 1:30:56]} 2. Nf3 {[%clk 1:30:48]} Nf6
{[%clk 1:30:05]} 3. Nc3 {[%clk 1:30:41]} e5 {[%clk 1:30:24]} 4. Bc4
{[%clk 1:30:42]} Be7 {[%clk 1:30:38]} 5. d4 {[%clk 1:30:50]} Nbd7
{[%clk 1:30:43]} 6. O-O {[%clk 1:31:05]} O-O {[%clk 1:31:10]} 7. a4
{[%clk 1:31:08]} c6 {[%clk 1:31:31]} 8. Re1 {[%clk 1:31:28]} b6 {[%clk 1:31:50]}
9. h3 {[%clk 1:31:17]} a6 {[%clk 1:31:48]} 10. Be3 {[%clk 1:31:12]} Rb8
{[%clk 1:31:24]} 11. Ba2 {[%clk 1:31:27]} b5 {[%clk 1:31:31]} 12. axb5
{[%clk 1:31:43]} axb5 {[%clk 1:31:56]} 13. b4 {[%clk 1:31:55]} Qc7
{[%clk 1:28:36]} 14. Qd3 {[%clk 1:28:01]} exd4 {[%clk 1:18:02]} 15. Nxd4
{[%clk 1:20:53]} Ne5 {[%clk 1:16:48]} 16. Qe2 {[%clk 1:20:32]} Ng6
{[%clk 1:06:29]} 17. Nf5 {[%clk 1:12:11]} Nxe4 {[%clk 0:57:26]} 18. Nh6+
{[%clk 0:43:58]} gxh6 {[%clk 0:55:18]} 19. Nxe4 {[%clk 0:44:04]} d5
{[%clk 0:52:14]} 20. Bxh6 {[%clk 0:36:22]} dxe4 {[%clk 0:47:38]} 21. Qxe4
{[%clk 0:36:30]} Bf6 {[%clk 0:35:57]} 22. Bxf8 {[%clk 0:33:36]} Bxa1
{[%clk 0:22:48]} 23. Bh6 {[%clk 0:22:22]} Qe5 {[%clk 0:19:53]} 24. Qxe5
{[%clk 0:18:26]} Bxe5 {[%clk 0:20:15]} 25. f4 {[%clk 0:18:51]} Bd4+
{[%clk 0:18:12]} 26. Kh2 {[%clk 0:19:05]} Bf5 {[%clk 0:13:12]} 27. Bb3
{[%clk 0:14:14]} Bc3 {[%clk 0:09:31]} 28. Rd1 {[%clk 0:12:23]} Bxb4
{[%clk 0:06:54]} 29. g4 {[%clk 0:12:39]} Be6 {[%clk 0:06:18]} 30. Bxe6
{[%clk 0:11:02]} fxe6 {[%clk 0:06:47]} 31. Rd7 {[%clk 0:11:20]} Bf8
{[%clk 0:05:48]} 32. Bg5 {[%clk 0:11:36]} c5 {[%clk 0:04:11]} 33. h4
{[%clk 0:11:19]} b4 {[%clk 0:03:30]} 34. h5 {[%clk 0:10:51]} Nh8 {[%clk 0:03:27]}
35. Bf6 {[%clk 0:08:20]} c4 {[%clk 0:02:10]} 36. Be5 {[%clk 0:08:17]} Rc8
{[%clk 0:01:36]} 37. f5 {[%clk 0:04:17]} Nf7 {[%clk 0:00:59]} 38. Bf6
{[%clk 0:02:36]} exf5 {[%clk 0:01:16]} 39. g5 {[%clk 0:02:54]} Bd6+
{[%clk 0:01:14]} 40. Kg2 {[%clk 0:02:41]} Rc7 {[%clk 0:01:24]} 0-1

[Event "Juan Martinez Sola"]
[Site "UAL Almeria Spain"]
[Date "2015.12.19"]
[Round "5.3"]
[White "Misyura, Ilya"]
[Black "Perez Beltran, Jose Maria"]
[Result "1/2-1/2"]
[BlackElo "2023"]
[WhiteElo "1843"]
[LiveChessVersion "1.4.4"]

1. d4 {[%clk 1:30:52]} Nf6 {[%clk 1:30:55]} 2. c4 {[%clk 1:31:14]} e6
{[%clk 1:31:21]} 3. Nc3 {[%clk 1:31:33]} Bb4 {[%clk 1:31:47]} 4. e3
{[%clk 1:31:53]} b6 {[%clk 1:32:15]} 5. Bd3 {[%clk 1:31:25]} Bb7 {[%clk 1:32:40]}
6. f3 {[%clk 1:31:30]} d5 {[%clk 1:30:37]} 7. a3 {[%clk 1:31:04]} Bxc3+
{[%clk 1:29:02]} 8. bxc3 {[%clk 1:31:26]} O-O {[%clk 1:29:13]} 9. Ne2
{[%clk 1:31:46]} c5 {[%clk 1:27:21]} 10. O-O {[%clk 1:24:32]} Nbd7
{[%clk 1:26:37]} 11. Bd2 {[%clk 1:21:36]} Ba6 {[%clk 1:25:12]} 12. Qa4
{[%clk 1:20:10]} Qc8 {[%clk 1:25:29]} 13. Rfc1 {[%clk 1:17:43]} Qb7
{[%clk 1:17:56]} 14. Rab1 {[%clk 1:15:34]} e5 {[%clk 1:12:26]} 15. e4
{[%clk 0:52:28]} cxd4 {[%clk 1:10:13]} 16. cxd4 {[%clk 0:52:21]} exd4
{[%clk 1:09:46]} 17. exd5 {[%clk 0:51:18]} Nc5 {[%clk 1:07:15]} 18. Qc2
{[%clk 0:51:36]} Nxd3 {[%clk 1:07:07]} 19. Qxd3 {[%clk 0:52:01]} Qxd5
{[%clk 1:07:13]} 20. Qxd4 {[%clk 0:48:37]} Qxd4+ {[%clk 1:05:41]} 21. Nxd4
{[%clk 0:48:54]} Rac8 {[%clk 1:04:51]} 22. Nb5 {[%clk 0:48:52]} Bxb5
{[%clk 0:59:38]} 1/2-1/2

[Event "Juan Martinez Sola"]
[Site "UAL Almeria Spain"]
[Date "2015.12.19"]
[Round "5.4"]
[White "Hernandez Munoz, Antonio Ramon"]
[Black "Fenollar Jorda, Manuel"]
[Result "0-1"]
[BlackElo "2368"]
[WhiteElo "2185"]
[LiveChessVersion "1.4.4"]

1. d4 {[%clk 1:30:56]} d5 {[%clk 1:30:56]} 2. Nf3 {[%clk 1:31:14]} Nf6
{[%clk 1:31:21]} 3. g3 {[%clk 1:31:40]} Nbd7 {[%clk 1:30:25]} 4. Bg2
{[%clk 1:31:57]} c5 {[%clk 1:30:19]} 5. O-O {[%clk 1:32:14]} e6 {[%clk 1:30:40]}
6. c4 {[%clk 1:29:25]} b6 {[%clk 1:27:32]} 7. cxd5 {[%clk 1:27:55]} exd5
{[%clk 1:27:02]} 8. Nc3 {[%clk 1:27:50]} Bb7 {[%clk 1:26:06]} 9. Bf4
{[%clk 1:23:05]} Be7 {[%clk 1:22:51]} 10. Nb5 {[%clk 1:13:56]} O-O
{[%clk 1:23:05]} 11. Bc7 {[%clk 1:03:10]} Qc8 {[%clk 1:21:58]} 12. Bd6
{[%clk 1:01:24]} Bxd6 {[%clk 1:20:38]} 13. Nxd6 {[%clk 1:01:43]} Qc6
{[%clk 1:20:59]} 14. Nxb7 {[%clk 1:01:28]} Qxb7 {[%clk 1:21:27]} 15. Qd3
{[%clk 0:46:36]} Rac8 {[%clk 1:15:09]} 16. Ne5 {[%clk 0:42:55]} Rfe8
{[%clk 1:08:56]} 17. Nxd7 {[%clk 0:40:33]} Qxd7 {[%clk 1:08:34]} 18. e3
{[%clk 0:39:28]} c4 {[%clk 1:06:07]} 19. Qa3 {[%clk 0:38:11]} Qe7
{[%clk 0:51:30]} 20. Qxe7 {[%clk 0:36:18]} Rxe7 {[%clk 0:51:58]} 21. Rfe1
{[%clk 0:35:57]} Rce8 {[%clk 0:49:02]} 22. Rac1 {[%clk 0:34:11]} b5
{[%clk 0:48:49]} 23. Rc3 {[%clk 0:31:19]} b4 {[%clk 0:47:03]} 24. Rc2
{[%clk 0:31:36]} a5 {[%clk 0:44:41]} 25. Rce2 {[%clk 0:27:07]} Ne4
{[%clk 0:41:26]} 26. g4 {[%clk 0:14:38]} Kf8 {[%clk 0:38:49]} 27. f3
{[%clk 0:14:35]} Nd6 {[%clk 0:39:01]} 28. e4 {[%clk 0:14:13]} Nb5
{[%clk 0:35:21]} 29. Rd1 {[%clk 0:13:31]} dxe4 {[%clk 0:28:38]} 30. fxe4
{[%clk 0:13:49]} Rd8 {[%clk 0:29:00]} 31. d5 {[%clk 0:12:42]} f6 {[%clk 0:29:21]}
32. Rc2 {[%clk 0:08:28]} Nd6 {[%clk 0:28:21]} 33. Rd4 {[%clk 0:08:53]} Rc8
{[%clk 0:27:25]} 34. Bf1 {[%clk 0:07:42]} Rec7 {[%clk 0:23:42]} 35. Kf2
{[%clk 0:07:41]} a4 {[%clk 0:21:56]} 36. Ke1 {[%clk 0:03:45]} b3 {[%clk 0:08:00]}
37. axb3 {[%clk 0:03:46]} axb3 {[%clk 0:08:27]} 38. Rc1 {[%clk 0:03:56]} c3
{[%clk 0:08:53]} 39. bxc3 {[%clk 0:03:06]} Rxc3 {[%clk 0:09:10]} 40. Rxc3
{[%clk 0:02:23]} Rxc3 {[%clk 0:09:37]} 41. Rb4 {[%clk 0:02:45]} Nxe4
{[%clk 0:07:58]} 42. Rxe4 {[%clk 0:03:13]} b2 {[%clk 0:08:13]} 43. Bd3
{[%clk 0:03:42]} Rxd3 {[%clk 0:08:04]} 44. Rb4 {[%clk 0:04:10]} Rd4
{[%clk 0:03:34]} 45. Rb8+ {[%clk 0:04:38]} Kf7 {[%clk 0:03:08]} 46. h3
{[%clk 0:04:21]} Rxd5 {[%clk 0:02:55]} 47. Ke2 {[%clk 0:02:19]} Rc5
{[%clk 0:02:58]} 48. Rxb2 {[%clk 0:01:04]} Rc3 {[%clk 0:03:26]} 49. h4
{[%clk 0:01:24]} Rh3 {[%clk 0:02:58]} 50. Rb7+ {[%clk 0:01:49]} Kg6
{[%clk 0:03:27]} 51. h5+ {[%clk 0:01:58]} Kh6 {[%clk 0:03:55]} 52. Kf2
{[%clk 0:02:09]} Ra3 {[%clk 0:01:15]} 53. Rf7 {[%clk 0:01:52]} Rb3
{[%clk 0:01:08]} 54. Kg2 {[%clk 0:02:13]} Re3 {[%clk 0:01:28]} 55. Kf2
{[%clk 0:02:32]} Re6 {[%clk 0:01:19]} 56. Kf3 {[%clk 0:02:31]} g6
{[%clk 0:01:34]} 57. hxg6 {[%clk 0:01:52]} hxg6 {[%clk 0:01:54]} 58. Kf4
{[%clk 0:00:53]} Ra6 {[%clk 0:02:22]} 59. Rb7 {[%clk 0:00:57]} Ra4+
{[%clk 0:02:43]} 60. Kg3 {[%clk 0:01:10]} Ra3+ {[%clk 0:03:11]} 61. Kf4
{[%clk 0:00:47]} g5+ {[%clk 0:03:12]} 62. Kf5 {[%clk 0:00:38]} Rf3+
{[%clk 0:03:33]} 63. Ke6 {[%clk 0:00:45]} Kg6 {[%clk 0:03:44]} 64. Rb2
{[%clk 0:00:48]} f5 {[%clk 0:02:52]} 65. Rg2 {[%clk 0:00:34]} fxg4
{[%clk 0:02:48]} 66. Rxg4 {[%clk 0:00:55]} Re3+ {[%clk 0:03:14]} 67. Kd5
{[%clk 0:00:54]} Kf5 {[%clk 0:03:42]} 68. Rg1 {[%clk 0:00:36]} g4
{[%clk 0:04:07]} 69. Kd4 {[%clk 0:00:49]} Rf3 {[%clk 0:04:23]} 70. Re1
{[%clk 0:00:35]} g3 {[%clk 0:04:27]} 71. Re8 {[%clk 0:00:35]} Kg4
{[%clk 0:04:32]} 72. Ke4 {[%clk 0:00:33]} Rf7 {[%clk 0:04:18]} 73. Rg8+
{[%clk 0:00:31]} Kh3 {[%clk 0:04:38]} 74. Ke3 {[%clk 0:00:35]} g2
{[%clk 0:04:36]} 75. Rh8+ {[%clk 0:00:35]} Kg3 {[%clk 0:05:03]} 76. Rg8+
{[%clk 0:00:45]} Kh2 {[%clk 0:05:29]} 77. Rh8+ {[%clk 0:01:12]} Kg1
{[%clk 0:05:54]} 78. Ra8 {[%clk 0:00:31]} Rh7 {[%clk 0:05:38]} 79. Ra2
{[%clk 0:00:00]} 0-1

[Event "Juan Martinez Sola"]
[Site "UAL Almeria Spain"]
[Date "2015.12.19"]
[Round "5.5"]
[White "Gil Quilez, Sonia"]
[Black "Alshameary Puente, Ismael"]
[Result "0-1"]
[BlackElo "2351"]
[WhiteElo "2028"]
[LiveChessVersion "1.4.4"]

1. d4 Nf6 2. c4 g6 3. Nc3 d5 4. cxd5 Nxd5 5. e4 Nxc3 6. bxc3 Bg7 7. Bc4 c5 8. Ne2
Nc6 9. Be3 O-O 10. O-O Bg4 11. f3 Bd7 12. Rb1 Rc8 13. dxc5 Na5 14. Bd5 Qc7 15.
Kh1 Rfd8 16. Qc1 e6 17. Bb3 Bb5 18. Re1 Bd3 19. Bc2 Bxc2 20. Qxc2 Nc4 21. Bc1
Qxc5 22. Rxb7 Qf2 23. Rd1 Bxc3 24. Rbd7 Rxd7 25. Rxd7 Ne5 26. Rd1 Nxf3 27. Qd3
Ne1 0-1

[Event "Juan Martinez Sola"]
[Site "UAL Almeria Spain"]
[Date "2015.12.19"]
[Round "5.6"]
[White "Arboledas Fernandez, Antonio A."]
[Black "Zapata Lopez, Julio"]
[Result "0-1"]
[BlackElo "2020"]
[WhiteElo "2102"]
[LiveChessVersion "1.4.4"]

1. d4 {[%clk 1:29:47]} Nf6 {[%clk 1:30:24]} 2. e3 {[%clk 1:29:44]} g6
{[%clk 1:29:39]} 3. Bd3 {[%clk 1:28:20]} Bg7 {[%clk 1:27:14]} 4. c4
{[%clk 1:27:59]} O-O {[%clk 1:27:13]} 5. Nf3 {[%clk 1:27:06]} d6 {[%clk 1:24:34]}
6. e4 {[%clk 1:26:14]} e5 {[%clk 1:23:33]} 7. d5 {[%clk 1:25:55]} a5
{[%clk 1:23:10]} 8. Nc3 {[%clk 1:23:16]} Na6 {[%clk 1:21:02]} 9. a3
{[%clk 1:20:56]} Bd7 {[%clk 1:18:17]} 10. Bc2 {[%clk 1:18:50]} Nc5
{[%clk 1:16:29]} 11. Bg5 {[%clk 1:14:19]} h6 {[%clk 1:15:44]} 12. Be3
{[%clk 1:13:15]} Qe8 {[%clk 1:11:01]} 13. b4 {[%clk 1:10:27]} Na6
{[%clk 1:08:36]} 14. Rb1 {[%clk 1:10:09]} Ng4 {[%clk 1:06:35]} 15. Bd2
{[%clk 1:03:14]} f5 {[%clk 1:00:36]} 16. Qe2 {[%clk 1:03:22]} Nf6
{[%clk 0:57:49]} 17. Bd3 {[%clk 0:57:43]} Nh5 {[%clk 0:42:56]} 18. O-O
{[%clk 0:52:57]} f4 {[%clk 0:37:47]} 19. Rfc1 {[%clk 0:52:38]} g5
{[%clk 0:36:59]} 20. Ne1 {[%clk 0:52:12]} g4 {[%clk 0:35:20]} 21. f3
{[%clk 0:51:13]} Nf6 {[%clk 0:32:02]} 22. c5 {[%clk 0:47:42]} axb4
{[%clk 0:30:41]} 23. axb4 {[%clk 0:47:29]} dxc5 {[%clk 0:24:11]} 24. Bxa6
{[%clk 0:44:47]} bxa6 {[%clk 0:21:00]} 25. bxc5 {[%clk 0:45:00]} Bc8
{[%clk 0:19:21]} 26. c6 {[%clk 0:42:29]} h5 {[%clk 0:18:59]} 27. Na4
{[%clk 0:42:20]} Kh7 {[%clk 0:18:20]} 28. Nc5 {[%clk 0:40:58]} Rg8
{[%clk 0:17:19]} 29. Kh1 {[%clk 0:40:53]} h4 {[%clk 0:15:42]} 30. Ned3
{[%clk 0:39:29]} Qh5 {[%clk 0:12:09]} 31. Nd7 {[%clk 0:22:29]} h3
{[%clk 0:06:07]} 32. N7xe5 {[%clk 0:18:12]} hxg2+ {[%clk 0:06:18]} 33. Kg1
{[%clk 0:18:12]} g3 {[%clk 0:04:05]} 34. Qxg2 {[%clk 0:15:46]} Nxe4
{[%clk 0:00:34]} 35. Qe2 {[%clk 0:06:10]} gxh2+ {[%clk 0:00:44]} 0-1

[Event "Juan Martinez Sola"]
[Site "UAL Almeria Spain"]
[Date "2015.12.19"]
[Round "5.7"]
[White "Alvarez Morales, Miguel"]
[Black "Fuertes Romo, Jose Manuel"]
[Result "0-1"]
[BlackElo "1997"]
[WhiteElo "2017"]
[LiveChessVersion "1.4.4"]

1. c4 {[%clk 1:30:44]} Nf6 {[%clk 1:30:37]} 2. Nc3 {[%clk 1:31:11]} g6
{[%clk 1:30:31]} 3. e4 {[%clk 1:31:40]} d6 {[%clk 1:29:08]} 4. d4
{[%clk 1:31:19]} Bg7 {[%clk 1:28:14]} 5. Nf3 {[%clk 1:31:16]} O-O
{[%clk 1:28:03]} 6. Be2 {[%clk 1:31:43]} e5 {[%clk 1:26:31]} 7. O-O
{[%clk 1:32:10]} Nc6 {[%clk 1:26:00]} 8. d5 {[%clk 1:32:38]} Ne7 {[%clk 1:26:23]}
9. b4 {[%clk 1:33:03]} Nh5 {[%clk 1:25:56]} 10. Re1 {[%clk 1:33:24]} f5
{[%clk 1:25:18]} 11. Nd2 {[%clk 1:32:47]} Nf6 {[%clk 1:17:46]} 12. f3
{[%clk 1:31:28]} f4 {[%clk 1:15:05]} 13. c5 {[%clk 1:29:26]} Rf7 {[%clk 1:10:56]}
14. Nc4 {[%clk 1:29:34]} Ne8 {[%clk 1:10:44]} 15. a4 {[%clk 1:29:30]} g5
{[%clk 1:09:26]} 16. Ba3 {[%clk 1:27:44]} Bf8 {[%clk 1:08:33]} 17. b5
{[%clk 1:20:29]} Ng6 {[%clk 1:03:10]} 18. a5 {[%clk 1:09:51]} b6 {[%clk 0:48:35]}
19. axb6 {[%clk 1:08:34]} axb6 {[%clk 0:48:42]} 20. cxb6 {[%clk 1:06:20]} cxb6
{[%clk 0:49:06]} 21. Bb4 {[%clk 1:06:46]} Rb8 {[%clk 0:45:57]} 22. Ra3
{[%clk 1:05:25]} h5 {[%clk 0:36:28]} 23. Qa1 {[%clk 1:05:00]} g4 {[%clk 0:36:34]}
24. Ra7 {[%clk 1:05:28]} Rxa7 {[%clk 0:29:02]} 25. Qxa7 {[%clk 1:05:05]} Rb7
{[%clk 0:28:48]} 26. Qa3 {[%clk 1:03:23]} Qh4 {[%clk 0:26:34]} 27. Na4
{[%clk 0:36:19]} g3 {[%clk 0:24:29]} 28. Bd1 {[%clk 0:36:04]} Qxh2+
{[%clk 0:23:17]} 29. Kf1 {[%clk 0:36:03]} Bh3 {[%clk 0:21:32]} 30. Ke2
{[%clk 0:35:53]} Qxg2+ {[%clk 0:18:23]} 31. Kd3 {[%clk 0:36:21]} Bd7
{[%clk 0:18:08]} 32. Bxd6 {[%clk 0:29:29]} Bxb5 {[%clk 0:17:42]} 33. Bxf8
{[%clk 0:29:38]} Nxf8 {[%clk 0:17:53]} 34. Nab2 {[%clk 0:29:24]} Qf2
{[%clk 0:17:18]} 35. Qb4 {[%clk 0:29:27]} Qd4+ {[%clk 0:14:36]} 36. Kc2
{[%clk 0:29:56]} Bxc4 {[%clk 0:14:43]} 37. Nxc4 {[%clk 0:30:02]} g2
{[%clk 0:13:53]} 38. Be2 {[%clk 0:29:48]} b5 {[%clk 0:12:59]} 39. Rd1
{[%clk 0:30:07]} Qf2 {[%clk 0:12:41]} 40. d6 {[%clk 0:27:03]} Qxe2+
{[%clk 0:12:34]} 41. Rd2 {[%clk 0:27:32]} Qxc4+ {[%clk 0:12:01]} 42. Qxc4+
{[%clk 0:27:56]} bxc4 {[%clk 0:12:30]} 43. Rxg2+ {[%clk 0:28:18]} Kf7
{[%clk 0:12:50]} 44. Rg5 {[%clk 0:28:46]} Ng6 {[%clk 0:10:26]} 45. Rxh5
{[%clk 0:29:12]} Nxd6 {[%clk 0:10:50]} 46. Rh1 {[%clk 0:29:09]} Rb3
{[%clk 0:11:12]} 47. Rh7+ {[%clk 0:29:19]} Ke6 {[%clk 0:11:04]} 0-1

[Event "Juan Martinez Sola"]
[Site "UAL Almeria Spain"]
[Date "2015.12.19"]
[Round "5.8"]
[White "Rubio Tapia, Jose Juan"]
[Black "Nyland, Thomas"]
[Result "1-0"]
[BlackElo "2027"]
[WhiteElo "2101"]
[LiveChessVersion "1.4.4"]

1. d4 Nf6 2. c4 e6 3. Nf3 b6 4. g3 Bb7 5. Bg2 Be7 6. O-O O-O 7. Nc3 Ne4 8. Nxe4
Bxe4 9. b3 d5 10. Bb2 Nd7 11. Qd2 a5 12. Rfd1 Bb4 13. Qe3 Qe7 14. Bh3 Bd6 15. Ne5
Nxe5 16. dxe5 Bc5 17. Bd4 Bxd4 18. Rxd4 c5 19. Rd2 Qb7 20. f3 Bg6 21. Bg2 d4 22.
Qf2 Rad8 23. Rad1 Rd7 24. f4 Be4 25. a4 Rfd8 26. Rd3 Bxg2 27. Qxg2 Qxg2+ 28. Kxg2
f6 29. e3 fxe5 30. fxe5 Kf7 31. exd4 cxd4 32. Kf3 Ke7 33. Ke4 Rc8 34. Rxd4 Rb7
35. Rd6 h6 36. h4 h5 37. R1d3 Rc5 38. Rd8 Rcc7 39. R3d6 Kf7 40. Rh8 Re7 41. Rc8
Red7 42. Rxd7+ Rxd7 43. Rb8 Rd1 44. Rxb6 Re1+ 45. Kd4 Rg1 46. Rb7+ Kg6 47. c5
Rxg3 48. c6 Rg4+ 49. Kc5 Rxh4 50. Kd6 Rh1 51. c7 Rc1 52. Rb8 h4 53. c8=Q Rxc8 54.
Rxc8 Kf5 55. Rf8+ 1-0

[Event "Juan Martinez Sola"]
[Site "UAL Almeria Spain"]
[Date "2015.12.20"]
[Round "6.1"]
[White "Perera Borrego, Mariela"]
[Black "Del Rio De Angelis, Salvador G."]
[Result "0-1"]
[BlackElo "2542"]
[WhiteElo "2158"]
[LiveChessVersion "1.4.4"]

1. d4 {[%clk 1:30:56]} e6 {[%clk 1:30:21]} 2. Nf3 {[%clk 1:31:15]} c5
{[%clk 1:30:16]} 3. e3 {[%clk 1:30:35]} Nf6 {[%clk 1:30:17]} 4. Bd3
{[%clk 1:30:54]} d5 {[%clk 1:29:10]} 5. b3 {[%clk 1:30:31]} Nc6 {[%clk 1:29:18]}
6. O-O {[%clk 1:26:08]} Bd6 {[%clk 1:29:30]} 7. Bb2 {[%clk 1:25:41]} O-O
{[%clk 1:29:51]} 8. a3 {[%clk 1:24:59]} b6 {[%clk 1:30:11]} 9. Nbd2
{[%clk 1:24:51]} Bb7 {[%clk 1:30:26]} 10. Ne5 {[%clk 1:23:32]} Qc7
{[%clk 1:30:45]} 11. f4 {[%clk 1:23:23]} Ne7 {[%clk 1:31:02]} 12. Qe1
{[%clk 1:12:19]} Ne4 {[%clk 1:30:42]} 13. Bxe4 {[%clk 1:11:22]} dxe4
{[%clk 1:31:04]} 14. dxc5 {[%clk 1:05:12]} Bxc5 {[%clk 1:28:59]} 15. b4
{[%clk 1:05:17]} Bd6 {[%clk 1:29:21]} 16. c4 {[%clk 1:04:06]} a5 {[%clk 1:28:37]}
17. b5 {[%clk 0:56:09]} Rad8 {[%clk 1:26:03]} 18. Kh1 {[%clk 0:54:16]} f6
{[%clk 1:23:31]} 19. Ng4 {[%clk 0:52:31]} Nf5 {[%clk 1:23:50]} 20. Bd4
{[%clk 0:38:29]} Nxd4 {[%clk 1:22:31]} 21. exd4 {[%clk 0:38:33]} Bxf4
{[%clk 1:22:00]} 22. Qe2 {[%clk 0:27:00]} Rxd4 {[%clk 1:20:46]} 23. Nb3
{[%clk 0:26:55]} Rd3 {[%clk 1:21:02]} 24. Rab1 {[%clk 0:26:39]} a4
{[%clk 1:21:12]} 25. Qf2 {[%clk 0:25:58]} axb3 {[%clk 1:21:22]} 26. Qxf4
{[%clk 0:26:20]} Qxf4 {[%clk 1:21:46]} 27. Rxf4 {[%clk 0:26:42]} e3
{[%clk 1:21:30]} 0-1

[Event "Juan Martinez Sola"]
[Site "UAL Almeria Spain"]
[Date "2015.12.20"]
[Round "6.2"]
[White "Ivanov, Sergey"]
[Black "Sanchez Jerez, Emilio Miguel"]
[Result "1-0"]
[BlackElo "2252"]
[WhiteElo "2556"]
[LiveChessVersion "1.4.4"]

1. d4 {[%clk 1:30:56]} Nf6 {[%clk 1:30:49]} 2. c4 {[%clk 1:31:19]} g6
{[%clk 1:31:12]} 3. Nc3 {[%clk 1:31:44]} Bg7 {[%clk 1:31:38]} 4. e4
{[%clk 1:32:09]} d6 {[%clk 1:32:05]} 5. Nf3 {[%clk 1:32:26]} O-O {[%clk 1:32:25]}
6. Be2 {[%clk 1:32:51]} e5 {[%clk 1:32:49]} 7. O-O {[%clk 1:33:11]} Nc6
{[%clk 1:33:13]} 8. d5 {[%clk 1:33:33]} Ne7 {[%clk 1:33:40]} 9. b4
{[%clk 1:33:44]} Nh5 {[%clk 1:34:05]} 10. g3 {[%clk 1:33:48]} a5 {[%clk 1:28:23]}
11. bxa5 {[%clk 1:33:41]} Rxa5 {[%clk 1:27:23]} 12. Nd2 {[%clk 1:33:09]} Nf6
{[%clk 1:24:00]} 13. Nb3 {[%clk 1:32:18]} Ra8 {[%clk 1:24:23]} 14. c5
{[%clk 1:32:19]} dxc5 {[%clk 1:21:10]} 15. Nxc5 {[%clk 1:31:55]} Ne8
{[%clk 1:21:25]} 16. a4 {[%clk 1:23:38]} Nd6 {[%clk 1:16:12]} 17. Ba3
{[%clk 1:11:06]} b6 {[%clk 1:06:13]} 18. Nb3 {[%clk 1:09:30]} f5 {[%clk 1:01:41]}
19. Nd2 {[%clk 1:06:40]} Bd7 {[%clk 0:47:39]} 20. Nc4 {[%clk 0:58:29]} Nec8
{[%clk 0:45:36]} 21. Nxd6 {[%clk 0:37:35]} Nxd6 {[%clk 0:44:19]} 22. exf5
{[%clk 0:37:06]} e4 {[%clk 0:36:37]} 23. Rc1 {[%clk 0:34:59]} gxf5
{[%clk 0:33:56]} 24. Bxd6 {[%clk 0:34:02]} cxd6 25. Bb5 {[%clk 0:34:21]} Be5
{[%clk 0:23:30]} 26. Bxd7 {[%clk 0:29:10]} Qxd7 {[%clk 0:23:55]} 27. Nb5
{[%clk 0:29:16]} f4 {[%clk 0:21:53]} 28. Qh5 {[%clk 0:28:47]} Qf5
{[%clk 0:18:31]} 29. Qxf5 {[%clk 0:27:59]} Rxf5 {[%clk 0:18:59]} 30. Rc4
{[%clk 0:27:57]} Kg7 {[%clk 0:10:20]} 31. Rxe4 {[%clk 0:26:49]} Rc8
{[%clk 0:10:04]} 32. Nd4 {[%clk 0:24:01]} Bxd4 {[%clk 0:09:50]} 33. Rxd4
{[%clk 0:24:30]} f3 {[%clk 0:06:27]} 34. g4 {[%clk 0:23:07]} Rg5 {[%clk 0:06:26]}
35. h4 {[%clk 0:23:06]} Re5 {[%clk 0:06:25]} 36. Kh2 {[%clk 0:23:15]} Rc5
{[%clk 0:06:36]} 37. Rfd1 {[%clk 0:21:55]} Re2 {[%clk 0:06:07]} 38. Kg3
{[%clk 0:20:32]} Rcc2 {[%clk 0:06:34]} 39. Rf1 {[%clk 0:20:40]} Red2
{[%clk 0:05:39]} 40. Rxd2 {[%clk 0:20:23]} Rxd2 {[%clk 0:06:07]} 41. Rb1
{[%clk 0:20:14]} Kf6 {[%clk 0:04:08]} 42. Rxb6 {[%clk 0:20:11]} Ke5
{[%clk 0:04:35]} 43. g5 {[%clk 0:18:30]} Rxd5 {[%clk 0:03:41]} 44. Rb5
{[%clk 0:18:21]} 1-0

[Event "Juan Martinez Sola"]
[Site "UAL Almeria Spain"]
[Date "2015.12.20"]
[Round "6.3"]
[White "Alshameary Puente, Ismael"]
[Black "Fenollar Jorda, Manuel"]
[Result "0-1"]
[BlackElo "2368"]
[WhiteElo "2351"]
[LiveChessVersion "1.4.4"]

1. d4 {[%clk 1:30:58]} d5 {[%clk 1:30:40]} 2. c4 {[%clk 1:31:20]} c6
{[%clk 1:31:05]} 3. Nf3 {[%clk 1:31:45]} Nf6 {[%clk 1:31:27]} 4. Nc3
{[%clk 1:31:52]} a6 {[%clk 1:31:36]} 5. c5 {[%clk 1:31:52]} Nbd7 {[%clk 1:31:14]}
6. Bf4 {[%clk 1:32:08]} Nh5 {[%clk 1:30:53]} 7. Bg5 {[%clk 1:30:34]} g6
{[%clk 1:28:34]} 8. e3 {[%clk 1:27:13]} Bg7 {[%clk 1:28:39]} 9. Be2
{[%clk 1:27:19]} O-O {[%clk 1:28:44]} 10. Nd2 {[%clk 1:26:44]} Nhf6
{[%clk 1:28:26]} 11. f4 {[%clk 1:26:57]} Ne8 {[%clk 1:18:18]} 12. O-O
{[%clk 1:21:06]} f6 {[%clk 1:11:45]} 13. Bh4 {[%clk 1:21:26]} Qc7
{[%clk 1:08:18]} 14. Qc2 {[%clk 1:17:00]} e5 {[%clk 1:06:06]} 15. f5
{[%clk 1:16:18]} Bh6 {[%clk 1:00:54]} 16. fxg6 {[%clk 0:55:00]} Bxe3+
{[%clk 0:55:18]} 17. Kh1 {[%clk 0:53:58]} Bxd4 {[%clk 0:52:30]} 18. gxh7+
{[%clk 0:54:14]} Kh8 {[%clk 0:52:42]} 19. Qg6 {[%clk 0:42:00]} e4
{[%clk 0:46:45]} 20. Qh6 {[%clk 0:29:43]} Ng7 {[%clk 0:33:12]} 21. Bg4
{[%clk 0:17:17]} Nxc5 {[%clk 0:23:09]} 22. Bxc8 {[%clk 0:16:29]} Raxc8
{[%clk 0:23:29]} 23. Bxf6 {[%clk 0:14:31]} Bxf6 {[%clk 0:23:28]} 24. Rxf6
{[%clk 0:14:58]} Qe5 {[%clk 0:22:44]} 25. Raf1 {[%clk 0:13:42]} Rxf6 26. Rxf6
{[%clk 0:11:54]} Qh5 {[%clk 0:18:30]} 27. Qf4 {[%clk 0:08:19]} Nce6
{[%clk 0:16:37]} 28. Qf2 {[%clk 0:07:22]} Qe5 {[%clk 0:15:09]} 29. Nd1
{[%clk 0:05:51]} d4 {[%clk 0:12:46]} 30. Nc4 {[%clk 0:05:25]} Qc5
{[%clk 0:12:22]} 31. b3 {[%clk 0:05:10]} b5 {[%clk 0:10:41]} 32. Ncb2
{[%clk 0:05:36]} Qd5 {[%clk 0:09:11]} 33. Qe2 {[%clk 0:01:53]} e3
{[%clk 0:05:23]} 34. Qg4 {[%clk 0:01:01]} c5 {[%clk 0:04:29]} 35. Rf7
{[%clk 0:01:02]} Rf8 {[%clk 0:04:46]} 36. Rxf8+ {[%clk 0:00:36]} Nxf8
{[%clk 0:05:13]} 37. Nd3 {[%clk 0:00:48]} c4 {[%clk 0:04:28]} 38. Nf4
{[%clk 0:00:39]} Qe4 {[%clk 0:04:02]} 39. Kg1 {[%clk 0:00:35]} d3
{[%clk 0:03:26]} 0-1